Biggest Cities of New England - Statistics

General Stats
  • This quiz has been taken 286 times
  • The average score is 12 of 15
Answers on the Map
Answers color-coded by a green-red scale on the quiz's map according to % correct below.
 
Answer Stats
Population City State % Correct
655,884 Boston MA
99%
179,207 Providence RI
97%
124,893 Hartford CT
95%
131,024 New Haven CT
90%
153,060 Springfield MA
90%
184,815 Worcester MA
87%
147,629 Bridgeport CT
84%
110,448 Manchester NH
81%
130,824 Stamford CT
77%
107,289 Cambridge MA
76%
109,945 Lowell MA
69%
109,676 Waterbury CT
64%
94,958 New Bedford MA
62%
92,971 Quincy MA
62%
95,314 Brockton MA
50%
No matching quizzes found
Score Distribution
Percent of People with Each Score
Percentile by Number Answered
Your Score History
You have not taken this quiz